[Event "27. ekipno prvenstvo RH"]
[Site "Biograd na Moru"]
[Date "2018.09.11"]
[Round "4.34"]
[White "Plenkovic, Zdenko"]
[Black "Tica, Sven"]
[Result "0-1"]
[WhiteElo "2418"]
[BlackElo "2442"]
[PlyCount "70"]
[EventDate "2018.??.??"]

1. g3 d5 2. Bg2 Nf6 3. d3 e6 4. Nd2 c5 5. e4 Nc6 6. Ne2 Be7 7. O-O O-O 8. b3 b6
9. Bb2 Bb7 10. a4 Qc7 11. exd5 Nxd5 12. Nc4 Rad8 13. a5 b5 14. a6 Bc8 15. Nd2
Bf6 16. Qb1 Qb6 17. Ne4 Be7 18. Rd1 Nc7 19. c4 Bxa6 20. N2c3 Nd4 21. cxb5 Bxb5
22. Nxb5 Ncxb5 23. Qa2 Nc2 24. Bxg7 Kxg7 25. Qxc2 Nd4 26. Qc4 Rd7 27. Nd2 Rb8
28. Ra6 Qd8 29. Nf3 Rb4 30. Qc3 Rxb3 31. Qa1 Bf6 32. Qa4 Rb4 33. Qa3 Ne2+ 34.
Kf1 Nc3 35. Re1 Rxd3 0-1

[Event "27. ekipno prvenstvo RH"]
[Site "Biograd na Moru"]
[Date "2018.09.11"]
[Round "4.35"]
[White "Golubovic, Boris"]
[Black "Loncar, Robert"]
[Result "1-0"]
[WhiteElo "2386"]
[BlackElo "2409"]
[PlyCount "109"]
[EventDate "2018.??.??"]

1. e4 c5 2. Nf3 Nf6 3. e5 Nd5 4. Nc3 Nxc3 5. dxc3 e6 6. Bf4 Nc6 7. Qd2 Be7 8.
Bd3 Qc7 9. O-O-O h6 10. h4 d5 11. exd6 Bxd6 12. Bxd6 Qxd6 13. Bb5 Qxd2+ 14.
Nxd2 Kd7 15. Ne4+ Kc7 16. Nxc5 Ne5 17. Be2 b6 18. f4 Ng6 19. Bf3 Rb8 20. Nd3
Ne7 21. c4 a5 22. c5 b5 23. h5 f6 24. Rhe1 Re8 25. Nf2 f5 26. Nd3 Ng8 27. Ne5
Nf6 28. Rd6 Bb7 29. Nc6 Ra8 30. Nd4 Be4 31. Nxb5+ Kc8 32. Rb6 Re7 33. Nd6+ Kd8
34. Nxe4 fxe4 35. Bxe4 Rc8 36. Bf3 Rxc5 37. Rbxe6 Rxe6 38. Rxe6 Nxh5 39. Bxh5
Rxh5 40. Rg6 Rf5 41. Rxg7 Rxf4 42. b3 a4 43. Kb2 h5 44. Ka3 axb3 45. axb3 h4
46. c4 Kc8 47. Kb4 Kb8 48. Kb5 h3 49. gxh3 Rf3 50. b4 Rxh3 51. c5 Rh4 52. Ka5
Rc4 53. Kb5 Re4 54. c6 Kc8 55. Kc5 1-0

[Event "27. ekipno prvenstvo RH"]
[Site "Biograd na Moru"]
[Date "2018.09.11"]
[Round "4.36"]
[White "Sale, Srdjan"]
[Black "Petrov, Jole"]
[Result "1/2-1/2"]
[WhiteElo "2428"]
[BlackElo "2397"]
[PlyCount "116"]
[EventDate "2018.??.??"]

1. c4 e6 2. Nf3 d5 3. g3 Nf6 4. Bg2 c6 5. b3 Be7 6. O-O O-O 7. Bb2 Nbd7 8. d4
b6 9. Nbd2 Bb7 10. e3 a5 11. a3 Rc8 12. Rc1 Qc7 13. Qe2 Rfe8 14. Rfd1 h6 15.
Ne5 c5 16. Nxd7 Nxd7 17. dxc5 bxc5 18. cxd5 exd5 19. Qd3 Rcd8 20. Qf5 Nf6 21.
Qc2 Qb6 22. Nf3 Ba8 23. Nh4 Bf8 24. Nf5 Ne4 25. Rb1 Qe6 26. Nh4 Rb8 27. Nf3 d4
28. exd4 Qxb3 29. Ne1 c4 30. Ba1 Qxc2 31. Nxc2 Rxb1 32. Rxb1 Nd2 33. Rd1 Nf3+
34. Kh1 Be4 35. Ne3 Bxa3 36. Bc3 Bb4 37. Bxb4 axb4 38. Nxc4 Rd8 39. Ne5 Bc2 40.
Bxf3 Bxd1 41. Bxd1 Rxd4 42. Bb3 Kf8 43. Kg2 f6 44. Ng6+ Ke8 45. Nf4 g5 46. Nd5
f5 47. Ne3 f4 48. Nf5 f3+ 49. Kh3 Rd2 50. Nxh6 Rxf2 51. Ng4 Re2 52. Bd5 Re1 53.
Bxf3 b3 54. Be4 b2 55. Bg6+ Ke7 56. Kg2 b1=Q 57. Bxb1 Rxb1 58. h4 gxh4 1/2-1/2

[Event "27. ekipno prvenstvo RH"]
[Site "Biograd na Moru"]
[Date "2018.09.11"]
[Round "4.41"]
[White "Hracek, Zbynek"]
[Black "Abasov, Nijat"]
[Result "1/2-1/2"]
[WhiteElo "2557"]
[BlackElo "2632"]
[PlyCount "42"]
[EventDate "2018.??.??"]

1. e4 c5 2. Nf3 Nc6 3. d4 cxd4 4. Nxd4 Nf6 5. Nc3 e5 6. Ndb5 d6 7. Bg5 a6 8.
Na3 b5 9. Nd5 Be7 10. Bxf6 Bxf6 11. c4 b4 12. Nc2 O-O 13. g3 a5 14. Bg2 Bg5 15.
O-O Be6 16. Qd3 Bxd5 17. cxd5 Nb8 18. a3 Na6 19. axb4 Nxb4 20. Nxb4 axb4 21.
Qc4 b3 1/2-1/2

[Event "27. ekipno prvenstvo RH"]
[Site "Biograd na Moru"]
[Date "2018.09.11"]
[Round "4.46"]
[White "Ivankovic, Ivo"]
[Black "Jukic, Branimir"]
[Result "0-1"]
[WhiteElo "2110"]
[BlackElo "2377"]
[PlyCount "46"]
[EventDate "2018.??.??"]

1. c4 Nf6 2. Nc3 e5 3. Nf3 e4 4. Ng5 b5 5. Ngxe4 Nxe4 6. Nxe4 bxc4 7. Qa4 c6 8.
e3 d5 9. Ng3 h5 10. d3 Qb6 11. dxc4 Bb4+ 12. Kd1 h4 13. Ne2 dxc4 14. Nc3 Be6
15. a3 Bxc3 16. bxc3 Qc5 17. Qb4 Qd5+ 18. Bd2 Nd7 19. Ke1 Rb8 20. Qa4 Nc5 21.
Qxa7 O-O 22. Qe7 Ne4 23. Rd1 Rb1 0-1

[Event "27. ekipno prvenstvo RH"]
[Site "Biograd na Moru"]
[Date "2018.09.11"]
[Round "4.51"]
[White "Tomashevsky, Evgeny"]
[Black "Braun, Arik"]
[Result "1/2-1/2"]
[WhiteElo "2702"]
[BlackElo "2581"]
[PlyCount "101"]
[EventDate "2018.??.??"]

1. c4 e6 2. Nc3 d5 3. d4 Nf6 4. cxd5 exd5 5. Bg5 c6 6. e3 Be7 7. Bd3 Nbd7 8.
Qc2 Nh5 9. Bxe7 Qxe7 10. O-O-O Nb6 11. Kb1 g6 12. Nge2 Be6 13. f3 O-O-O 14. Nc1
Kb8 15. Nb3 Ng7 16. Rhe1 Rhe8 17. Qf2 Qc7 18. Rc1 Ka8 19. h3 Bf5 20. e4 Be6 21.
Nc5 dxe4 22. fxe4 Bc4 23. Bxc4 Nxc4 24. b3 Nb6 25. d5 Re7 26. g4 Ne8 27. Qh4
Qe5 28. Ne6 Rdd7 29. Nc5 Rd8 30. Red1 cxd5 31. exd5 g5 32. Qxh7 Nd6 33. Qd3 Qe3
34. Qxe3 Rxe3 35. Rd3 Re5 36. Rf1 Rc8 37. N3a4 Nxa4 38. Nxa4 b5 39. Nb2 Rc5 40.
b4 Rcxd5 41. Rf6 Rxd3 42. Nxd3 Rd5 43. Kc2 Kb8 44. Ne1 Kc7 45. Nf3 Kd7 46. Rh6
Ke7 47. Rh8 Ne4 48. Ra8 Rd7 49. a3 f6 50. h4 gxh4 51. Nxh4 1/2-1/2

[Event "27. ekipno prvenstvo RH"]
[Site "Biograd na Moru"]
[Date "2018.09.11"]
[Round "4.52"]
[White "Georgiev, Kiril"]
[Black "Saric, Ivan"]
[Result "1/2-1/2"]
[WhiteElo "2590"]
[BlackElo "2689"]
[PlyCount "21"]
[EventDate "2018.??.??"]

1. d4 Nf6 2. Nf3 e6 3. c4 Bb4+ 4. Bd2 Qe7 5. g3 Bxd2+ 6. Qxd2 Nc6 7. Nc3 d5 8.
cxd5 exd5 9. Bg2 O-O 10. O-O Re8 11. Rfc1 1/2-1/2

[Event "27. ekipno prvenstvo RH"]
[Site "Biograd na Moru"]
[Date "2018.09.11"]
[Round "4.53"]
[White "Markus, Robert"]
[Black "Muse, Drazen"]
[Result "1-0"]
[WhiteElo "2613"]
[BlackElo "2352"]
[PlyCount "103"]
[EventDate "2018.??.??"]

1. d4 e6 2. c4 f5 3. Nf3 Nf6 4. g3 Be7 5. Bg2 O-O 6. O-O d5 7. b3 Nc6 8. Bb2
Ne4 9. Nc3 Bd7 10. e3 Be8 11. Ne1 Rf6 12. Nd3 Rh6 13. Ne2 a5 14. f3 Nd6 15. Rc1
Nb4 16. c5 Nb5 17. a3 Nxd3 18. Qxd3 a4 19. b4 Bc6 20. Rf2 Qe8 21. Bf1 Bf6 22.
Nc3 Nxc3 23. Bxc3 Bd7 24. b5 c6 25. bxc6 Bxc6 26. f4 g5 27. Rg2 Rg6 28. h3 Rg7
29. g4 fxg4 30. hxg4 Qd7 31. Be2 Rf8 32. Rf1 Bd8 33. Be1 Bc7 34. Bg3 Rgf7 35.
Rgf2 Qd8 36. Kg2 Qb8 37. fxg5 Rxf2+ 38. Bxf2 Be8 39. Qb1 e5 40. Bg3 Rxf1 41.
Qxf1 exd4 42. Bxc7 Qxc7 43. exd4 Qe7 44. Qf3 Qxg5 45. Kg3 Bd7 46. Qf4 Qe7 47.
Qe5 Qxe5+ 48. dxe5 Kf7 49. Kf4 h6 50. Ke3 Kg6 51. Kd4 Bc6 52. Bf3 1-0

[Event "27. ekipno prvenstvo RH"]
[Site "Biograd na Moru"]
[Date "2018.09.11"]
[Round "4.54"]
[White "Cosic, Marin"]
[Black "Kuljasevic, Davorin"]
[Result "0-1"]
[WhiteElo "2227"]
[BlackElo "2548"]
[PlyCount "66"]
[EventDate "2018.??.??"]

1. d4 Nf6 2. Nf3 c5 3. e3 g6 4. Be2 Bg7 5. O-O O-O 6. c4 cxd4 7. Nxd4 d5 8. Nc3
dxc4 9. Bxc4 a6 10. Be2 Qc7 11. Bd2 e5 12. Nb3 Nc6 13. Rc1 Bf5 14. g4 Bc8 15.
g5 Ne8 16. Nd5 Qd8 17. e4 Nd6 18. Bf3 Be6 19. Be3 Nd4 20. Bg2 Nxe4 21. Nc7 Bxb3
22. axb3 Rc8 23. Bxd4 exd4 24. Bxe4 Rxc7 25. Rxc7 Qxc7 26. Qf3 b6 27. Bd5 Re8
28. h4 Re5 29. Kg2 Rf5 30. Qe4 Re5 31. Qf3 Rf5 32. Qe4 Rf4 33. Qe8+ Bf8 0-1

[Event "27. ekipno prvenstvo RH"]
[Site "Biograd na Moru"]
[Date "2018.09.11"]
[Round "4.55"]
[White "Plenca, Jadranko"]
[Black "Zivkovic, Nikola"]
[Result "1-0"]
[WhiteElo "2477"]
[BlackElo "2144"]
[PlyCount "81"]
[EventDate "2018.??.??"]

1. e4 c5 2. Nf3 d6 3. Bb5+ Nc6 4. O-O Nf6 5. Re1 Bd7 6. c3 a6 7. Bc4 Bg4 8. d4
cxd4 9. cxd4 Bxf3 10. gxf3 e5 11. d5 Nd4 12. Be3 Nh5 13. Kh1 Rc8 14. Bd3 Qd7
15. Nd2 Be7 16. Nc4 Bd8 17. Bxd4 Rxc4 18. Bxc4 exd4 19. Qxd4 O-O 20. e5 dxe5
21. Qxe5 g6 22. d6 Bf6 23. Qd5 Nf4 24. Qd2 g5 25. Bf1 Kg7 26. Re4 Ng6 27. Rd1
Rd8 28. Qa5 Rc8 29. Qa4 Rc6 30. Qb4 Qf5 31. Bg2 Qd7 32. Rc4 Be5 33. Rxc6 bxc6
34. Qg4 Qd8 35. d7 Nf4 36. Qf5 Bf6 37. Qc5 Qa8 38. Rd6 Ne6 39. Qxc6 Qd8 40. Bh3
Nf4 41. Rxf6 1-0

[Event "27. ekipno prvenstvo RH"]
[Site "Biograd na Moru"]
[Date "2018.09.11"]
[Round "4.56"]
[White "Raguz, Darko"]
[Black "Jovanic, Ognjen"]
[Result "0-1"]
[WhiteElo "2076"]
[BlackElo "2512"]
[PlyCount "88"]
[EventDate "2018.??.??"]

1. e4 c5 2. Nf3 e6 3. c3 d5 4. exd5 Qxd5 5. d4 Nf6 6. Na3 Nc6 7. Nb5 Qd8 8.
dxc5 Bxc5 9. Qxd8+ Kxd8 10. Bf4 Ne4 11. Rd1+ Ke7 12. Nbd4 Nxd4 13. Nxd4 f6 14.
Be3 e5 15. Nc2 Be6 16. f3 Bxe3 17. Nxe3 Nc5 18. b3 Rhd8 19. Be2 f5 20. O-O Kf6
21. Rxd8 Rxd8 22. Rd1 Rxd1+ 23. Nxd1 g5 24. Nb2 h5 25. b4 Nd7 26. a4 b6 27. Kf2
Bd5 28. Bb5 Ke6 29. Bxd7+ Kxd7 30. c4 Be6 31. Ke3 a5 32. bxa5 bxa5 33. h4 gxh4
34. f4 Kd6 35. fxe5+ Kxe5 36. Nd3+ Kf6 37. Kd4 Bd7 38. Kd5 Bxa4 39. Kd6 Be8 40.
c5 a4 41. Nb4 a3 42. c6 Bxc6 43. Kxc6 f4 44. Kd5 f3 0-1

[Event "27. ekipno prvenstvo RH"]
[Site "Biograd na Moru"]
[Date "2018.09.12"]
[Round "5.11"]
[White "Braun, Arik"]
[Black "Ponkratov, Pavel"]
[Result "1/2-1/2"]
[WhiteElo "2581"]
[BlackElo "2622"]
[PlyCount "63"]
[EventDate "2018.??.??"]

1. d4 e6 2. c4 b6 3. Nf3 Bb7 4. g3 Bb4+ 5. Bd2 c5 6. Bxb4 Bxf3 7. exf3 cxb4 8.
f4 Nf6 9. Bg2 d5 10. cxd5 Nxd5 11. f5 O-O 12. fxe6 fxe6 13. Nd2 Nc6 14. Nf3 Qf6
15. O-O Rad8 16. Rc1 Nde7 17. Qe2 Rd6 18. Rc4 Nf5 19. Rfc1 Nfxd4 20. Nxd4 Nxd4
21. Qe3 a5 22. Rc8 Rfd8 23. Be4 g6 24. Kg2 Kg7 25. h4 e5 26. R1c7+ R8d7 27. Qc1
Qe7 28. Rxd7 Rxd7 29. b3 Qf6 30. Qe3 Qe7 31. Qc1 Qf6 32. Qe3 1/2-1/2

[Event "27. ekipno prvenstvo RH"]
[Site "Biograd na Moru"]
[Date "2018.09.12"]
[Round "5.12"]
[White "Predke, Alexandr"]
[Black "Georgiev, Kiril"]
[Result "1-0"]
[WhiteElo "2612"]
[BlackElo "2590"]
[PlyCount "85"]
[EventDate "2018.??.??"]

1. d4 Nf6 2. c4 e6 3. Nc3 Bb4 4. e3 O-O 5. Bd2 b6 6. Bd3 Bb7 7. Nf3 c5 8. a3
Bxc3 9. Bxc3 Ne4 10. Bxe4 Bxe4 11. dxc5 bxc5 12. Qd6 f6 13. Qxc5 Qc8 14. Qd4
Bxf3 15. gxf3 Nc6 16. Qe4 Ne5 17. Bxe5 fxe5 18. O-O-O d5 19. Qxe5 Rxf3 20. Rhg1
Qxc4+ 21. Kb1 Qe4+ 22. Qxe4 dxe4 23. Rd7 g6 24. Rg2 a5 25. a4 Rf5 26. Rd4 Raf8
27. Rxe4 Rxf2 28. Rxf2 Rxf2 29. Re5 Rxh2 30. Rxa5 Kf7 31. Ra7+ Kf6 32. a5 Rh4
33. a6 g5 34. Ra8 Kg7 35. a7 Ra4 36. b3 Ra6 37. b4 Ra4 38. b5 g4 39. b6 g3 40.
Rd8 g2 41. Rd1 Ra6 42. b7 Rb6+ 43. Ka2 1-0

[Event "27. ekipno prvenstvo RH"]
[Site "Biograd na Moru"]
[Date "2018.09.12"]
[Round "5.14"]
[White "Cvitan, Ognjen"]
[Black "Jukic, Zdenko"]
[Result "1-0"]
[WhiteElo "2489"]
[BlackElo "2319"]
[PlyCount "71"]
[EventDate "2018.??.??"]

1. d4 Nf6 2. c4 e6 3. Nc3 d5 4. Bg5 c6 5. e3 Nbd7 6. Nf3 Qa5 7. cxd5 Nxd5 8.
Qd2 Bb4 9. Rc1 Nxc3 10. bxc3 Ba3 11. Rb1 e5 12. Bd3 O-O 13. O-O Re8 14. Qc2 g6
15. Bh4 Bf8 16. Rfd1 exd4 17. exd4 Nb6 18. Re1 Be6 19. c4 Bg7 20. Bg3 Bg4 21.
Rxe8+ Rxe8 22. Ne5 Bc8 23. h3 c5 24. dxc5 Qxc5 25. Rb5 Qd4 26. Nf3 Qa1+ 27. Kh2
Nd7 28. c5 Ne5 29. Nxe5 Bxe5 30. c6 Bxg3+ 31. Kxg3 bxc6 32. Qxc6 Rd8 33. Bc4
Qc3+ 34. Kh2 Be6 35. Rc5 Rc8 36. Qxc8+ 1-0

[Event "27. ekipno prvenstvo RH"]
[Site "Biograd na Moru"]
[Date "2018.09.12"]
[Round "5.15"]
[White "Zovko, Mario"]
[Black "Kurajica, Bojan"]
[Result "0-1"]
[WhiteElo "2328"]
[BlackElo "2526"]
[PlyCount "68"]
[EventDate "2018.??.??"]

1. e4 c5 2. Nf3 Nc6 3. c3 d5 4. exd5 Qxd5 5. d4 e6 6. Be3 cxd4 7. cxd4 Bb4+ 8.
Nc3 Qa5 9. Qb3 Nge7 10. Bd3 Nf5 11. O-O O-O 12. Rad1 Nxe3 13. fxe3 Be7 14. Kh1
Qh5 15. e4 b6 16. Bb5 Bb7 17. d5 Na5 18. Qa4 exd5 19. exd5 Rac8 20. Qf4 Bd8 21.
Be2 Qg6 22. Bd3 Qf6 23. Qe4 Qh6 24. Ne5 Rc7 25. Rf3 g6 26. Qd4 Qg7 27. b4 Re8
28. bxa5 Qxe5 29. Qxe5 Rxe5 30. Nb5 Rc5 31. axb6 Bxb6 32. Bf1 Bxd5 33. Ra3 Rc2
34. Nxa7 Rf5 0-1

[Event "27. ekipno prvenstvo RH"]
[Site "Biograd na Moru"]
[Date "2018.09.12"]
[Round "5.16"]
[White "Kovacevic, Vlatko"]
[Black "Cosic, Marin"]
[Result "1-0"]
[WhiteElo "2454"]
[BlackElo "2227"]
[PlyCount "53"]
[EventDate "2018.??.??"]

1. d4 Nf6 2. Nf3 g6 3. c4 c6 4. Bg5 Bg7 5. Nc3 d5 6. e3 O-O 7. Qb3 e6 8. Be2
Nbd7 9. O-O h6 10. Bh4 Re8 11. Rfd1 g5 12. Bg3 Nh5 13. Bd6 Bf8 14. Bxf8 Nxf8
15. e4 Nf4 16. Bf1 dxc4 17. Qxc4 Qf6 18. e5 Nh3+ 19. gxh3 Qxf3 20. Bg2 Qf4 21.
Ne4 Nd7 22. Qe2 Qh4 23. Rd3 Rf8 24. Rf3 Nb6 25. Nf6+ Kg7 26. Qd3 Rh8 27. Rg3
1-0

[Event "27. ekipno prvenstvo RH"]
[Site "Biograd na Moru"]
[Date "2018.09.12"]
[Round "5.21"]
[White "Abasov, Nijat"]
[Black "Tomashevsky, Evgeny"]
[Result "1/2-1/2"]
[WhiteElo "2632"]
[BlackElo "2702"]
[PlyCount "28"]
[EventDate "2018.??.??"]

1. e4 e5 2. Nf3 Nc6 3. Bb5 a6 4. Ba4 Nf6 5. O-O Be7 6. Re1 b5 7. Bb3 O-O 8. c3
d5 9. exd5 Nxd5 10. Nxe5 Nxe5 11. Rxe5 c6 12. d3 Bd6 13. Re1 Bf5 14. Qf3 Re8
1/2-1/2

[Event "27. ekipno prvenstvo RH"]
[Site "Biograd na Moru"]
[Date "2018.09.12"]
[Round "5.22"]
[White "Saric, Ivan"]
[Black "Bogut, Zeljko"]
[Result "1-0"]
[WhiteElo "2689"]
[BlackElo "2415"]
[PlyCount "69"]
[EventDate "2018.??.??"]

1. e4 c5 2. Nf3 Nc6 3. Nc3 e5 4. Bc4 d6 5. d3 Be7 6. O-O Nf6 7. Ng5 O-O 8. f4
exf4 9. Bxf4 Bg4 10. Qd2 Qd7 11. Rae1 h6 12. Nf3 a6 13. a4 Be6 14. Nd5 Bd8 15.
Bxh6 gxh6 16. Qxh6 Ng4 17. Qf4 Nce5 18. Nxe5 dxe5 19. Qg3 b5 20. Ba2 c4 21. h3
Kg7 22. Ne3 Bb6 23. hxg4 Qd4 24. c3 Qxd3 25. Qxe5+ f6 26. Qf4 Rad8 27. e5 Qg6
28. Bb1 Rd3 29. a5 Ba7 30. Bxd3 cxd3 31. Rf2 d2 32. Rxd2 fxe5 33. Qxe5+ Qf6 34.
Qxf6+ Rxf6 35. Rd6 1-0

[Event "27. ekipno prvenstvo RH"]
[Site "Biograd na Moru"]
[Date "2018.09.12"]
[Round "5.23"]
[White "Galic, Ivan"]
[Black "Markus, Robert"]
[Result "0-1"]
[WhiteElo "2416"]
[BlackElo "2613"]
[PlyCount "62"]
[EventDate "2018.??.??"]

1. d4 Nf6 2. c4 d6 3. Nc3 Nbd7 4. e4 e5 5. Nge2 c6 6. f3 a6 7. d5 Qb6 8. Rb1
cxd5 9. Nxd5 Nxd5 10. Qxd5 Be7 11. Nc3 O-O 12. Qd1 Nf6 13. Bd3 Be6 14. Qe2 Rfc8
15. Bd2 Nd7 16. b3 Nc5 17. Bc2 h6 18. h4 Qd8 19. g3 b5 20. cxb5 axb5 21. Qxb5
d5 22. exd5 Bxd5 23. Qe2 Bb7 24. a4 Ba6 25. Nb5 Nxa4 26. Be4 Nc5 27. Bxa8 Rxa8
28. O-O Rb8 29. Qxe5 Rxb5 30. Bc3 Ne6 31. Qe1 Rd5 0-1

[Event "27. ekipno prvenstvo RH"]
[Site "Biograd na Moru"]
[Date "2018.09.12"]
[Round "5.24"]
[White "Kuljasevic, Davorin"]
[Black "Bender, Ivan"]
[Result "1-0"]
[WhiteElo "2548"]
[BlackElo "2261"]
[PlyCount "79"]
[EventDate "2018.??.??"]

1. d4 d5 2. c4 e6 3. Nc3 Nf6 4. Nf3 Be7 5. Bf4 O-O 6. e3 c5 7. dxc5 Bxc5 8.
cxd5 Nxd5 9. Nxd5 exd5 10. Bd3 Nc6 11. Bxh7+ Kxh7 12. Qc2+ Kg8 13. Qxc5 Bg4 14.
Ne5 Nxe5 15. Bxe5 Qg5 16. Qd4 Rfe8 17. Bf4 Qh5 18. f3 Be6 19. O-O Rec8 20. Rac1
Rc4 21. Rxc4 dxc4 22. Rd1 Qa5 23. a3 Rc8 24. Bg3 b6 25. Be1 Qg5 26. Bc3 Kh7 27.
h4 Qh6 28. Qe4+ Kg8 29. Rd6 Kh8 30. Bd4 Rg8 31. Kf2 Qh5 32. Bc3 Bf5 33. Qxc4
Qh7 34. Qxf7 Qxh4+ 35. Kg1 Bh7 36. Qxa7 b5 37. Qd4 Qg5 38. Rd5 Qe7 39. Rxb5 Rd8
40. Rb7 1-0

[Event "27. ekipno prvenstvo RH"]
[Site "Biograd na Moru"]
[Date "2018.09.12"]
[Round "5.25"]
[White "Brnas, Augustin"]
[Black "Plenca, Jadranko"]
[Result "0-1"]
[WhiteElo "2190"]
[BlackElo "2477"]
[PlyCount "56"]
[EventDate "2018.??.??"]

1. e4 e5 2. Nf3 Nc6 3. Bb5 a6 4. Ba4 Nf6 5. O-O b5 6. Bb3 Bb7 7. c3 Nxe4 8. d4
exd4 9. Re1 d5 10. Ng5 Qf6 11. f3 h6 12. fxe4 hxg5 13. exd5+ Ne7 14. Qg4 Qd6
15. h3 f6 16. cxd4 Qd7 17. Qe4 O-O-O 18. Nc3 Nxd5 19. Qe2 Kb8 20. a4 Nf4 21.
Bxf4 gxf4 22. d5 Bc5+ 23. Kh2 Bd6 24. Kg1 Rde8 25. Qd3 Rxe1+ 26. Rxe1 Re8 27.
Rxe8+ Qxe8 28. axb5 Qe1+ 0-1

[Event "27. ekipno prvenstvo RH"]
[Site "Biograd na Moru"]
[Date "2018.09.12"]
[Round "5.26"]
[White "Kovacevic, Blazimir"]
[Black "Separovic, Tomislav"]
[Result "1-0"]
[WhiteElo "2494"]
[BlackElo "2153"]
[PlyCount "69"]
[EventDate "2018.??.??"]

1. Nf3 d5 2. g3 c6 3. Bg2 Nf6 4. c4 Bf5 5. cxd5 cxd5 6. d3 Nc6 7. O-O e5 8. Bg5
Be7 9. Nc3 d4 10. Bxf6 Bxf6 11. Na4 O-O 12. Rc1 Rc8 13. Nd2 Be7 14. a3 Be6 15.
Nc5 Bxc5 16. Rxc5 f6 17. Qa4 Qb6 18. b4 a6 19. Rfc1 Ne7 20. Rxc8 Nxc8 21. Ne4
Na7 22. Nc5 Nb5 23. Bxb7 Nc3 24. Qc2 Bg4 25. Re1 a5 26. e3 Rb8 27. exd4 exd4
28. Qb3+ Kh8 29. Re7 h6 30. Qf7 Rg8 31. Ne6 Bxe6 32. Rxe6 Qb5 33. Ba6 Qa4 34.
Bc4 axb4 35. Re7 1-0

[Event "27. ekipno prvenstvo RH"]
[Site "Biograd na Moru"]
[Date "2018.09.12"]
[Round "5.31"]
[White "Inarkiev, Ernesto"]
[Black "Hracek, Zbynek"]
[Result "1-0"]
[WhiteElo "2679"]
[BlackElo "2557"]
[PlyCount "103"]
[EventDate "2018.??.??"]

1. d4 Nf6 2. Nf3 d5 3. Bf4 e6 4. e3 Bd6 5. Nbd2 O-O 6. Bd3 c5 7. dxc5 Bxc5 8.
c4 Nc6 9. O-O Bd6 10. Rc1 e5 11. Bg5 e4 12. Bxf6 Qxf6 13. Bxe4 dxe4 14. Nxe4
Bxh2+ 15. Kxh2 Qxb2 16. Qb3 Qxb3 17. axb3 Rd8 18. Rfd1 Bg4 19. Kg3 Bxf3 20.
Kxf3 Kf8 21. Rd5 Ne7 22. Rh5 h6 23. g4 b6 24. Ke2 Rac8 25. g5 hxg5 26. Rh8+ Ng8
27. Nxg5 Ke7 28. Rh7 Kf8 29. Rh4 Nf6 30. Rd4 Rd7 31. Rcd1 Rcd8 32. Nf3 Rxd4 33.
exd4 Re8+ 34. Kd3 Ne4 35. Rf1 f5 36. b4 a5 37. bxa5 bxa5 38. Nh4 a4 39. Nxf5 a3
40. Ng3 Nf6 41. Ra1 Ra8 42. Ra2 Kf7 43. d5 Nd7 44. Kd4 Ra4 45. Ne4 Nb6 46. Nd6+
Ke7 47. Kc5 Nd7+ 48. Kb5 Ra8 49. c5 Rb8+ 50. Kc6 Ne5+ 51. Kc7 Ra8 52. c6 1-0

[Event "27. ekipno prvenstvo RH"]
[Site "Biograd na Moru"]
[Date "2018.09.12"]
[Round "5.32"]
[White "Leventic, Ivan"]
[Black "Romanov, Evgeny"]
[Result "0-1"]
[WhiteElo "2411"]
[BlackElo "2611"]
[PlyCount "80"]
[EventDate "2018.??.??"]

1. e4 e5 2. Nf3 Nc6 3. Bb5 a6 4. Ba4 b5 5. Bb3 g6 6. Nc3 Bg7 7. a4 b4 8. Nd5
Na5 9. Ba2 Rb8 10. O-O c6 11. Ne3 Ne7 12. c3 b3 13. Bb1 d5 14. d4 dxe4 15. Nxe5
f5 16. N3c4 Nxc4 17. Nxc4 Be6 18. Qe2 Qd5 19. Bf4 Qxc4 20. Qxc4 Bxc4 21. Bxb8
Kd7 22. Be5 Bxe5 23. dxe5 Bxf1 24. Kxf1 c5 25. a5 Nc6 26. f4 Ke6 27. Ra4 Kd5
28. Ke2 c4 29. Ke3 Rd8 30. Ra1 Kc5 31. Bxe4 fxe4 32. g4 Rd3+ 33. Kxe4 Rd2 34.
Re1 Rxb2 35. f5 gxf5+ 36. gxf5 Rf2 37. f6 b2 38. Rd1 Re2+ 39. Kf4 Nxe5 40. f7
Nxf7 0-1

[Event "27. ekipno prvenstvo RH"]
[Site "Biograd na Moru"]
[Date "2018.09.12"]
[Round "5.36"]
[White "Jukic, Branimir"]
[Black "Sale, Srdjan"]
[Result "0-1"]
[WhiteElo "2377"]
[BlackElo "2428"]
[PlyCount "60"]
[EventDate "2018.??.??"]

1. e4 c5 2. Nf3 Nc6 3. d4 cxd4 4. Nxd4 Qb6 5. Nb3 Nf6 6. Nc3 e6 7. Be3 Qc7 8.
f4 Bb4 9. Bd3 Bxc3+ 10. bxc3 e5 11. O-O d6 12. f5 h6 13. Qf3 b6 14. a4 Bb7 15.
Bf2 Nb8 16. a5 Nbd7 17. c4 O-O 18. g4 Rac8 19. axb6 axb6 20. h4 b5 21. cxb5 d5
22. b6 Qc3 23. exd5 Bxd5 24. Qg3 h5 25. Ra7 hxg4 26. b7 Rb8 27. Be1 Qc7 28. Ba5
Qc6 29. Bb4 Qb6+ 30. Qf2 Qxb4 0-1

[Event "27. ekipno prvenstvo RH"]
[Site "Biograd na Moru"]
[Date "2018.09.12"]
[Round "5.41"]
[White "Malakhov, Vladimir"]
[Black "Bosiocic, Marin"]
[Result "0-1"]
[WhiteElo "2666"]
[BlackElo "2600"]
[PlyCount "104"]
[EventDate "2018.??.??"]

1. e4 c5 2. Nf3 d6 3. Bb5+ Nd7 4. d4 Ngf6 5. Nc3 cxd4 6. Qxd4 a6 7. Bxd7+ Bxd7
8. Bg5 h6 9. Bxf6 gxf6 10. O-O e6 11. Ne2 Be7 12. a4 h5 13. c4 Qa5 14. Qd3 h4
15. h3 Rc8 16. b3 Rc5 17. Ned4 Rg8 18. Kh1 Qc7 19. Rfe1 Qc8 20. Nh2 Rcg5 21.
Ng4 e5 22. Nf5 Rxf5 23. exf5 Bxf5 24. Qf3 Bxg4 25. hxg4 Rxg4 26. Re4 f5 27.
Rxg4 fxg4 28. Qe4 f5 29. Qd5 Qc5 30. Qxc5 dxc5 31. f3 Kf7 32. Rd1 Ke6 33. Rd5
a5 34. Kg1 b6 35. Kf2 Bf6 36. Ke2 Bg5 37. Kf2 Bf4 38. Rd8 Bg3+ 39. Kf1 gxf3 40.
gxf3 e4 41. fxe4 fxe4 42. Rh8 Ke5 43. Ke2 Kd4 44. Kd2 e3+ 45. Ke2 Kc3 46. Rh6
Kxb3 47. Kd3 Kxa4 48. Kxe3 Kb3 49. Kd3 Be1 50. Rxb6+ Bb4 51. Rf6 a4 52. Rf1 Bc3
0-1

[Event "27. ekipno prvenstvo RH"]
[Site "Biograd na Moru"]
[Date "2018.09.12"]
[Round "5.42"]
[White "Beliavsky, Alexander G"]
[Black "Korobov, Anton"]
[Result "0-1"]
[WhiteElo "2540"]
[BlackElo "2685"]
[PlyCount "73"]
[EventDate "2018.??.??"]

1. d4 d5 2. c4 c6 3. Nf3 Nf6 4. Nc3 e6 5. Bg5 h6 6. Bxf6 Qxf6 7. e3 Nd7 8. Bd3
dxc4 9. Bxc4 g6 10. O-O Bg7 11. e4 e5 12. d5 O-O 13. dxc6 bxc6 14. Qe2 Nc5 15.
Rfd1 Qe7 16. Qe3 Ne6 17. Na4 Nd4 18. Nxd4 exd4 19. Qd3 Kh8 20. Re1 Qd6 21. Qd2
Bd7 22. Rac1 c5 23. Nc3 Rae8 24. f4 g5 25. e5 Qg6 26. Ne4 gxf4 27. Nxc5 Bc6 28.
Bd3 Qh5 29. Ne4 Ba8 30. Rc5 Rxe5 31. Rxe5 Bxe5 32. Qf2 Rg8 33. Bf1 d3 34. Nd6
f6 35. Rxe5 fxe5 36. Qxa7 Bd5 37. Qe7 0-1

[Event "27. ekipno prvenstvo RH"]
[Site "Biograd na Moru"]
[Date "2018.09.12"]
[Round "5.43"]
[White "Stevic, Hrvoje"]
[Black "Sebenik, Matej"]
[Result "1-0"]
[WhiteElo "2579"]
[BlackElo "2570"]
[PlyCount "75"]
[EventDate "2018.??.??"]

1. e4 c5 2. c3 Nf6 3. e5 Nd5 4. Nf3 Nc6 5. Bc4 Nb6 6. Bb3 c4 7. Bc2 d6 8. exd6
Qxd6 9. O-O Bg4 10. Qe2 Qf6 11. Be4 Ne5 12. Bxb7 Nxf3+ 13. Bxf3 Bxf3 14. Qxf3
Qxf3 15. gxf3 e6 16. b3 O-O-O 17. Re1 Be7 18. bxc4 Rd3 19. Re4 Rxf3 20. a4 Rd3
21. Ba3 Bxa3 22. Rxa3 Rhd8 23. Rb3 Kc7 24. Re5 Kc6 25. Ra5 R8d7 26. Rb4 Rb7 27.
Na3 Rxd2 28. Nb5 Nc8 29. Ra6+ Kd7 30. c5 Ne7 31. Rxa7 Rxa7 32. Nxa7 Rc2 33.
Rb7+ Kd8 34. Nb5 Nd5 35. c6 Nxc3 36. Rd7+ Ke8 37. Nd6+ Kf8 38. c7 1-0